000 00590nam a2200205Ia 4500
005 20250508163158.0
008 008 250505s9999 xx 000 0 hin d
037 _aTextBook
040 _aFEDL
_beng
_cFEDL
041 _ahin
_2eng
084 _a001.422, SHA
_qFEDL
100 _aSharma Satish Chander
_9565038
245 0 _aManovigyan awam shiksha mein prarambhik sankkhiki
260 _aMeerut, India
_bMeenakshi Prakashan
_c1997
300 _a368p
365 _aINR
_b12.5
650 _aStatistics Research
942 _cTB
_h001.422, SHA
999 _c1381337
_d1381337